000 00600nam a22001937a 4500
005 20140917154842.0
010 _aENG-110834
020 _a9789383185467
_c250.00
035 _aEN-94366
037 _bDBAD/PUB
082 _a649.1
100 _aBrinda Jayaraman
245 _aParenting :
_cby Brinda Jayaraman [and] Aarti C Rajaratnam
_binnocence to innersense /
260 _aNew Delhi
_bNotion Press
_c2013
270 _a5 Muthu Kalathy Street, Triplicane
_bChennai
_e600005
300 _axi,226p.
_c23cm(pbk)
700 _aRajaratnam, Aarti C.
942 _2ddc
_cEN
_mBRI
_h649.1
999 _c88563
_d88563